000 00332nam a2200133Ia 4500
008 140626s9999 xx 000 0 und d
100 _aSchramm, Jennifer
245 _aOn-Ramps Lead Back to Work /
_cJennifer Schramm.
260 _cc2012.
300 _a57 : 9, page 120
440 _aHR Magazine
521 _aBSBA
942 _cSE
999 _c121489
_d121489